| 000 | 00676nam a2200241Ia 4500 | ||
|---|---|---|---|
| 008 | 160418s9999 xx 000 0 und d | ||
| 020 | _a978-971-821-267-7 | ||
| 050 | _aFIL DS 675.8 | ||
| 050 | _b.R5C48 2012 | ||
| 100 | _aChua, Wilson S. | ||
| 245 | _aRizal : | ||
| 245 | _band human dignity / | ||
| 245 | _cWilson S. Chua. | ||
| 260 | _aMalabon City: | ||
| 260 | _bMutya Pub. House, | ||
| 260 | _c2012 | ||
| 300 | _a133 pages : | ||
| 300 | _billustrations ; | ||
| 300 | _c26 cm. | ||
| 500 | _aIncludes bibliographical references. | ||
| 650 | _aRizal, Jose, -- 1861-1896 -- Criticism and interpretation. | ||
| 650 | _xRozal, Jose, -- 1861-1896 -- Poems. | ||
| 999 |
_c293568 _d293568 |
||